| 000 | 00496nam a2200181Ia 4500 | ||
|---|---|---|---|
| 999 |
_c5962 _d5962 |
||
| 003 | OSt | ||
| 005 | 20201118152923.0 | ||
| 008 | 190216s9999||||xx |||||||||||||| ||und|| | ||
| 020 | _a8176635456 | ||
| 040 | _coclc | ||
| 082 |
_a657 _bJAI/A |
||
| 100 |
_aJain, S P _91169 |
||
| 245 | 0 |
_aAdvanced Accountancy / _cS P Jain ; K L Narang |
|
| 250 | _a4th ed. | ||
| 260 |
_bKalyani Publishers, _c2000. _aNew Delhi: |
||
| 300 | _a882p | ||
| 942 |
_cBK _2ddc _h657 _iJAI/A _k657 _mJAI/A |
||